[Event "Legnica"]
[Site "Legnica"]
[Date "1996.??.??"]
[Round "4"]
[White "Cyborowski, Lukasz"]
[Black "Saskowski, Jacek"]
[Result "1-0"]
[WhiteElo "2240"]
[BlackElo "2315"]
[PlyCount "51"]
[EventDate "1996.??.??"]
[EventType "tourn"]
[EventRounds "9"]
[EventCountry "POL"]
[EventCategory "4"]
[SourceTitle "EXT 1999"]
[Source "ChessBase"]
[SourceDate "1998.11.16"]
[SourceVersion "1"]
[SourceVersionDate "1998.11.16"]
[SourceQuality "1"]

1. e4 e5 2. Nf3 Nc6 3. Nc3 Nf6 4. g3 d5 5. exd5 Nxd5 6. Bg2 Bg4 7. 0-0 Be7 8. Qe1 Nxc3 9. bxc3 Bxf3 10. Bxf3 0-0 11. Rb1 Rb8 12. d3 Bg5 13. Bxc6 Bxc1 14. Bxb7 Bh6 15. Qxe5 Qd6 16. Qxd6 cxd6 17. Bd5 Bd2 18. c4 Rb6 19. Rfd1 Ba5 20. Rb3 Rxb3 21. axb3 Re8 22. Kf1 Bc3 23. d4 Kf8 24. Rd3 Re1+ 25. Kg2 Ba5 26. c3 1-0

[Event "Legnica"]
[Site "Legnica"]
[Date "1996.??.??"]
[Round "5"]
[White "Saskowski, Jacek"]
[Black "Czerwonski, Aleksander"]
[Result "0-1"]
[WhiteElo "2315"]
[BlackElo "2400"]
[PlyCount "40"]
[EventDate "1996.??.??"]
[EventType "tourn"]
[EventRounds "9"]
[EventCountry "POL"]
[EventCategory "4"]
[SourceTitle "EXT 1999"]
[Source "ChessBase"]
[SourceDate "1998.11.16"]
[SourceVersion "1"]
[SourceVersionDate "1998.11.16"]
[SourceQuality "1"]

1. e4 d6 2. d4 Nf6 3. Nc3 g6 4. Bg5 Bg7 5. e5 Nfd7 6. Nd5 Nc6 7. Bb5 h6 8. Bh4 g5 9. Bg3 e6 10. Bxc6 bxc6 11. Nb4 Bb7 12. Nf3 c5 13. exd6 cxb4 14. dxc7 Qe7 15. 0-0 0-0 16. Re1 Nb6 17. c4 Nxc4 18. b3 Nb6 19. Rc1 Rac8 20. Qd3 Bxf3 0-1

[Event "Katowice op"]
[Site "Katowice"]
[Date "1992.??.??"]
[Round "1"]
[White "Saskowski, Jacek"]
[Black "Kuczynski, Robert"]
[Result "1/2-1/2"]
[WhiteElo "2265"]
[BlackElo "2500"]
[PlyCount "44"]
[EventDate "1992.01.28"]
[EventType "swiss"]
[EventRounds "9"]
[EventCountry "POL"]
[SourceTitle "TD"]
[Source "ChessBase"]
[SourceDate "1994.03.01"]
[SourceVersion "1"]
[SourceVersionDate "1994.03.01"]
[SourceQuality "1"]

1. e4 c5 2. Nf3 d6 3. d4 cxd4 4. Nxd4 Nf6 5. Nc3 a6 6. Be2 e5 7. Nb3 Be7 8. 0-0 Be6 9. Bg5 Nbd7 10. Nd5 Bxd5 11. exd5 0-0 12. c4 Qc7 13. Be3 a5 14. Nd2 Rfe8 15. Nb1 Ne4 16. f3 Nec5 17. Nc3 h6 18. Nb5 Qb6 19. Kh1 Bg5 20. Bg1 Bf6 21. Qc2 Re7 22. Rab1 Ra6 1/2-1/2